[Event "38th Olympiad"]
[Site "Dresden GER"]
[Date "2008.11.17"]
[Round "5"]
[White "Goh Weiming"]
[Black "Smerdon,D"]
[Result "1-0"]
[WhiteElo "2420"]
[BlackElo "2470"]
[EventDate "2008.11.13"]

1. e4 e6 2. d4 d5 3. Nc3 Nf6 4. Bg5 Bb4 5. e5 h6 6. Be3 Ne4 7. Qg4 g6 8. a3
Bxc3+ 9. bxc3 c5 10. Bd3 h5 11. Qf4 g5 12. Qf3 Nxc3 13. dxc5 d4 14. Bd2 Nc6
15. Qf6 Qxf6 16. exf6 Na4 17. Bxg5 Nxc5 18. Ne2 Nxd3+ 19. cxd3 b6 20. Kd2
Bb7 21. Rac1 Rd8 22. Nf4 h4 23. Rhe1 Rd6 24. Rc2 Kd7 25. Kc1 Ba6 26. Kd2
Bb7 27. Kc1 e5 28. Nh3 Rd5 29. f4 Ra5 30. Kd2 Rxa3 31. Nf2 Rh5 32. Ng4 exf4
33. Re7+ Nxe7 34. fxe7 Rxg5 35. Rc7+ Kxc7 36. e8=Q Ra2+ 37. Kd1 Ra1+ 38.
Kd2 Rxg4 39. Qxf7+ Kd6 40. Qf6+ Kc5 41. Qe7+ Kb5 42. Qd7+ Ka6 43. Qxg4 Ra2+
44. Kd1 Ra3 45. Qxf4 Rxd3+ 46. Kc2 Rc3+ 47. Kd2 Rc4 48. Qxh4 Bxg2 49. Qg5
Be4 50. Qe5 d3 51. Ke3 Bh7 52. Kd2 Rc2+ 53. Kd1 Bg8 54. Qa1+ Kb5 55. Qe5+
Ka6 56. Qa1+ Ba2 57. h4 Rh2 58. Qc3 Rh1+ 59. Kd2 Rh2+ 60. Kd1 Rh1+ 61. Kd2
Bb1 62. Qc4+ 1-0

[Event "38th Olympiad"]
[Site "Dresden GER"]
[Date "2008.11.17"]
[Round "5"]
[White "Solomon,SJ"]
[Black "Chan Wei Xuan,T"]
[Result "1-0"]
[WhiteElo "2470"]
[BlackElo "2264"]
[EventDate "2008.11.13"]

1. e4 e5 2. Nf3 Nc6 3. Bb5 a6 4. Bxc6 dxc6 5. O-O Ne7 6. Nxe5 Qd4 7. Qh5 g6
8. Qg5 Bg7 9. Nf3 Qxe4 10. Re1 Qb4 11. c3 Qd6 12. d4 h6 13. Qg3 Qxg3 14.
hxg3 Be6 15. Bf4 O-O-O 16. Nbd2 g5 17. Be5 Bxe5 18. Nxe5 Nd5 19. Ne4 f6 20.
Nc5 Bg8 21. Ng6 Rh7 22. c4 Nb4 23. Ne7+ Kb8 24. Nxg8 Rxg8 25. Re6 Rd8 26.
Rxf6 Rxd4 27. b3 Rd2 28. Re1 Ka7 29. a4 Nd3 30. Nxd3 Rxd3 31. Re3 Rxe3 32.
fxe3 Rd7 33. e4 Re7 34. Rxh6 Rxe4 35. Kf2 c5 36. Rf6 Rd4 37. Ke3 b5 38.
axb5 axb5 39. Rf5 bxc4 40. bxc4 Rxc4 41. Rxg5 Kb6 42. g4 Rc3+ 43. Kf4 Rc4+
44. Kf5 Rc2 45. g3 Re2 46. Rh5 Rf2+ 47. Ke4 Kc6 48. Rf5 Ra2 49. g5 Kd6 50.
g6 Ra4+ 51. Kf3 Ke7 52. Rf7+ 1-0

[Event "38th Olympiad"]
[Site "Dresden GER"]
[Date "2008.11.17"]
[Round "5"]
[White "Kassis,A LIB"]
[Black "Aucay Pelaez,M"]
[Result "1-0"]
[WhiteElo "2238"]
[BlackElo "2335"]
[EventDate "2008.11.13"]

1. e4 c6 2. Nf3 d5 3. exd5 cxd5 4. Ne5 Nc6 5. d4 Nxe5 6. dxe5 e6 7. Bd3 Qc7
8. Qe2 Ne7 9. c3 Nc6 10. f4 Bd7 11. Nd2 O-O-O 12. Nf3 f6 13. O-O Be7 14. b4
Kb8 15. a4 g5 16. b5 g4 17. Nd4 Nxe5 18. fxe5 fxe5 19. Nb3 e4 20. Bc2 Bd6
21. g3 Qxc3 22. Bg5 Rdf8 23. Qd2 Qxd2 24. Bxd2 h5 25. Be3 Rf3 26. Bc5 Bxc5+
27. Nxc5 Kc7 28. Rac1 Rc3 29. Bb3 Rxc1 30. Rxc1 Kd6 31. Nxb7+ Ke5 32. Rc7
Bc8 33. Na5 e3 34. Nc6+ Kd6 35. Rf7 e5 36. Nxa7 Be6 37. Rf1 d4 38. Bxe6
Kxe6 39. Re1 Kd5 40. b6 e4 41. Nb5 Rf8 42. a5 d3 43. Rxe3 d2 44. Nc3+ Kd4
45. Nd1 Kd5 1-0

[Event "38th Olympiad"]
[Site "Dresden GER"]
[Date "2008.11.17"]
[Round "5"]
[White "Macias Murillo,B"]
[Black "Sakr,N"]
[Result "1/2-1/2"]
[WhiteElo "2333"]
[BlackElo "2121"]
[EventDate "2008.11.13"]

1. e4 c5 2. Nf3 d6 3. c3 Nf6 4. Be2 Nbd7 5. Qc2 Qc7 6. O-O b6 7. Re1 Bb7 8.
Bf1 e6 9. d4 cxd4 10. Nxd4 a6 11. c4 Be7 12. Nc3 O-O 13. Kh1 Rfc8 14. f4 e5
15. Nf5 Bf8 16. Qf2 Nc5 17. Ng3 Ng4 18. Qe2 exf4 19. Bxf4 Ne5 20. Rad1 g6
21. b3 Bg7 22. Qd2 Rd8 23. Nd5 Bxd5 24. Qxd5 Rac8 25. Bc1 Qe7 26. Qd2 h5
27. Kg1 h4 28. Ne2 Ned3 29. Nf4 Bd4+ 30. Kh1 Nf2+ 31. Kg1 Nh3+ 32. Kh1 Nf2+
1/2-1/2

[Event "38th Olympiad"]
[Site "Dresden GER"]
[Date "2008.11.17"]
[Round "5"]
[White "Isaev,J"]
[Black "Baba,M"]
[Result "1-0"]
[WhiteElo "2400"]
[BlackElo "2220"]
[EventDate "2008.11.13"]

1. e4 c5 2. Nf3 d6 3. d4 cxd4 4. Nxd4 Nf6 5. Nc3 a6 6. Bc4 e6 7. Bb3 b5 8.
Bg5 Be7 9. Qf3 Qc7 10. O-O-O Nbd7 11. Bxe6 Ne5 12. Qh3 fxe6 13. Nxe6 Bxe6
14. Qxe6 Qd7 15. Qb3 Nf7 16. h4 Qb7 17. f4 O-O 18. e5 dxe5 19. fxe5 Ng4 20.
Rde1 Kh8 21. Qe6 Nxg5 22. Qxg4 Nf7 23. Re2 Nh6 24. Qe6 Rae8 25. Qb3 Nf5 26.
Nd5 Nd4 1-0

[Event "38th Olympiad"]
[Site "Dresden GER"]
[Date "2008.11.17"]
[Round "5"]
[White "Sano,T"]
[Black "Nazarov,A"]
[Result "1/2-1/2"]
[WhiteElo "2111"]
[BlackElo "2344"]
[EventDate "2008.11.13"]

1. e4 c5 2. Nf3 e6 3. d4 cxd4 4. Nxd4 a6 5. Nc3 b5 6. Bd3 Bb7 7. O-O d6 8.
Qe2 Nd7 9. a4 bxa4 10. Nxa4 Ngf6 11. f4 Qc7 12. Nb3 Be7 13. Nc3 O-O 14. Kh1
e5 15. Na5 Nc5 16. Nxb7 Qxb7 17. f5 Nxd3 18. cxd3 Rfb8 19. Rb1 h6 20. Qf3
Rd8 21. g4 Nh7 22. Nd5 f6 23. Be3 Rac8 24. Bb6 Rf8 25. Rbc1 Bd8 26. Rxc8
Qxc8 27. Qd1 Qb7 28. Qb3 Kh8 29. Rc1 Bxb6 30. Qxb6 Qxb6 31. Nxb6 Ng5 32.
Kg2 Rb8 33. Rc8+ Rxc8 34. Nxc8 Nf7 35. Ne7 Kh7 36. Nd5 Nd8 37. Nc7 a5 38.
Nb5 Nb7 39. Kf2 1/2-1/2

[Event "38th Olympiad"]
[Site "Dresden GER"]
[Date "2008.11.17"]
[Round "5"]
[White "Khamdamov,S"]
[Black "Noguchi,K"]
[Result "1-0"]
[WhiteElo "2219"]
[BlackElo "2018"]
[EventDate "2008.11.13"]

1. d4 Nf6 2. c4 c5 3. Nf3 cxd4 4. Nxd4 Nc6 5. Nc3 g6 6. g3 Nxd4 7. Qxd4 Bg7
8. Bg2 O-O 9. O-O d6 10. Qd2 Be6 11. Bxb7 Rb8 12. Bf3 Bxc4 13. b3 Be6 14.
Bb2 Qa5 15. Rfd1 Rfc8 16. Bg2 Rc7 17. Ne4 Qxd2 18. Rxd2 Nxe4 19. Bxe4 Bxb2
20. Rxb2 Rb4 21. Rc2 Rxc2 22. Bxc2 Rb5 23. Bd3 Rc5 24. Kf1 Ra5 25. Bc2 Kg7
26. h4 Rc5 27. Bd3 Kf6 28. Ke1 h6 29. Kd2 a5 30. Rb1 Bf5 31. e4 Bh3 32. a3
e5 33. b4 axb4 34. axb4 Rc7 35. b5 Ke7 36. b6 Rb7 37. Ba6 Rb8 38. b7 Kd8
39. Rc1 Bd7 40. Rc4 Be6 41. Rc6 Bd7 42. Rc3 Be6 43. f3 f5 44. Kc2 g5 45.
hxg5 hxg5 46. Kb2 g4 47. fxg4 fxe4 48. g5 d5 49. g6 Ke7 50. g7 Kf7 51. Rc7+
Kg8 52. Re7 Bf7 53. Rc7 Be6 54. Kc2 d4 55. Bc4 Bxc4 56. Rc8+ Kxg7 57. Rxb8
Bd5 58. Rg8+ 1-0

[Event "38th Olympiad"]
[Site "Dresden GER"]
[Date "2008.11.17"]
[Round "5"]
[White "Kakageldyev,A"]
[Black "Baburin,A"]
[Result "1/2-1/2"]
[WhiteElo "2449"]
[BlackElo "2544"]
[EventDate "2008.11.13"]

1. d4 Nf6 2. c4 e6 3. Nc3 Bb4 4. Qc2 d5 5. cxd5 Qxd5 6. Nf3 Qf5 7. Qb3 c5
8. dxc5 Nc6 9. a3 Bxc5 10. e3 O-O 11. Be2 e5 12. Qc4 e4 13. g4 Qxg4 14. Rg1
Ne5 15. Rxg4 Nxc4 16. Rxe4 Na5 17. Re5 Nb3 18. Rb1 Bd6 19. Rb5 Nxc1 20.
Rxc1 a6 21. Rg5 h6 22. Rg1 Be6 23. h4 Rac8 24. Nd4 Be5 25. Nxe6 fxe6 26.
Bf3 Rf7 27. Ke2 Rfc7 28. Rgd1 Kf8 29. Rb1 b5 30. Ne4 Rc2+ 31. Rd2 Ke7 32.
Nxf6 Bxf6 33. h5 a5 34. Be4 Rxd2+ 35. Kxd2 Rc5 36. Bg6 b4 37. axb4 axb4 38.
b3 Ra5 39. Rc1 Bc3+ 40. Kd3 Kf6 41. Kc4 Ra2 42. Rc2 Ra1 43. f4 Re1 44. Ra2
Rxe3 45. Ra7 e5 46. fxe5+ Rxe5 47. Rf7+ Kg5 48. Rxg7 Re4+ 49. Bxe4+ Bxg7
1/2-1/2

[Event "38th Olympiad"]
[Site "Dresden GER"]
[Date "2008.11.17"]
[Round "5"]
[White "Kelly,B"]
[Black "Esenov,An"]
[Result "1/2-1/2"]
[WhiteElo "2488"]
[BlackElo "2319"]
[EventDate "2008.11.13"]

1. c4 Nf6 2. Nc3 g6 3. e4 d6 4. d4 Bg7 5. Nf3 O-O 6. Be2 e5 7. O-O Nc6 8.
d5 Ne7 9. Ne1 Nd7 10. Be3 f5 11. f3 Nf6 12. c5 f4 13. Bf2 g5 14. a4 h5 15.
a5 Ne8 16. cxd6 cxd6 17. Nb5 a6 18. Bb6 Qd7 19. Na7 Rf6 20. Qa4 Qxa4 21.
Rxa4 Rf7 22. Rb4 Bf6 23. Nc2 Bd7 24. Bf2 Nc8 25. Nxc8 Bxc8 26. Na3 g4 27.
Kh1 Rg7 28. Nc4 Kh8 29. Nb6 Rb8 30. Rc1 gxf3 31. Bxf3 Bg4 32. Rbc4 Rd8 33.
h3 Bxf3 34. gxf3 Kh7 35. Rc8 Rxc8 36. Rxc8 Nc7 37. Nc4 Nb5 38. b3 Rg8 39.
Rxg8 Kxg8 40. Kg2 Kf7 41. Kf1 Ke7 42. Ke2 Kd7 43. Kd3 Be7 44. Nb6+ Kc7 45.
Nc4 Bf6 46. Bb6+ Kd7 47. Bf2 Bd8 48. Ke2 Nc7 49. Nb6+ Ke8 50. Nc4 Be7 51.
Na3 Kd7 52. Kd3 Ne8 53. Ke2 Nf6 54. Nc4 Nh7 55. Kf1 Nf8 56. Be1 1/2-1/2

[Event "38th Olympiad"]
[Site "Dresden GER"]
[Date "2008.11.17"]
[Round "5"]
[White "Canda,D"]
[Black "Kulaots,K"]
[Result "0-1"]
[WhiteElo "2289"]
[BlackElo "2556"]
[EventDate "2008.11.13"]

1. e4 c5 2. Nf3 d6 3. d4 cxd4 4. Nxd4 Nf6 5. Nc3 a6 6. Bc4 e6 7. Bb3 Nbd7
8. O-O Nc5 9. Re1 Be7 10. a3 Nxb3 11. Nxb3 O-O 12. Qd3 b5 13. Bf4 Qb6 14.
Rad1 Rd8 15. Qg3 Nh5 16. Be3 Qb8 17. Qf3 Nf6 18. Qg3 Kh8 19. Bg5 Qc7 20.
Qh4 h6 21. Bxh6 gxh6 22. Qxh6+ Nh7 23. Rd3 Rg8 24. Rh3 Rg7 25. f4 Bb7 26.
Ree3 Rag8 27. Kh1 Qc4 28. Nd2 Qd4 29. Nf1 a5 30. Rh5 b4 31. axb4 axb4 32.
Reh3 Bxe4 0-1

[Event "38th Olympiad"]
[Site "Dresden GER"]
[Date "2008.11.17"]
[Round "5"]
[White "Kanep,M"]
[Black "Espinoza,F"]
[Result "1-0"]
[WhiteElo "2526"]
[BlackElo "2243"]
[EventDate "2008.11.13"]

1. e4 c5 2. Nf3 d6 3. d4 cxd4 4. Nxd4 Nf6 5. Nc3 a6 6. Bg5 e6 7. f4 Nbd7 8.
Qf3 Qc7 9. O-O-O b5 10. Bd3 Bb7 11. Rhe1 Be7 12. a3 h6 13. Qh3 O-O-O 14.
Bxf6 Nxf6 15. Nd5 Nxd5 16. exd5 Bxd5 17. f5 Kb8 18. fxe6 fxe6 19. Nxe6 Bxe6
20. Qxe6 Bf6 21. Kb1 Qc5 22. Bg6 Be5 23. Rd5 Qc7 24. Rd3 Rhf8 25. Be4 Qc4
26. Bd5 Qc7 27. Bf3 Rc8 28. c3 Qc4 29. Rxd6 Qxe6 30. Rxe6 Bxh2 31. Rxa6
Rxf3 32. gxf3 Rc5 33. Rae6 Rg5 34. Re7 Kc8 35. Rf7 Kd8 36. f4 Rg4 37. f5 h5
38. Ree7 Rg5 39. Ra7 1-0

[Event "38th Olympiad"]
[Site "Dresden GER"]
[Date "2008.11.17"]
[Round "5"]
[White "Sepp,O"]
[Black "Bravo,Will"]
[Result "1-0"]
[WhiteElo "2448"]
[BlackElo "2157"]
[EventDate "2008.11.13"]

1. Nf3 Nf6 2. g3 g6 3. Bg2 Bg7 4. O-O O-O 5. d3 d6 6. e4 e5 7. a4 a5 8.
Nbd2 Nc6 9. c3 h6 10. Re1 b6 11. Nc4 Ba6 12. Qb3 Nd7 13. Be3 Nc5 14. Qc2
Rb8 15. Rad1 Qe8 16. Na3 f5 17. exf5 gxf5 18. d4 Nd7 19. Nh4 Ne7 20. dxe5
dxe5 21. Qd2 Nc5 22. Bxh6 Qh5 23. Bxg7 Rbd8 24. Qxd8 Rxd8 25. Rxd8+ Kxg7
26. Rxe5 Kf6 27. f4 Qf7 28. Bd5 Qg7 29. Re8 Qg4 30. Rf8+ Kg7 31. Rf7+ Kh8
32. Bf3 Qh3 33. Ng2 1-0

[Event "38th Olympiad"]
[Site "Dresden GER"]
[Date "2008.11.17"]
[Round "5"]
[White "Rimawi,B"]
[Black "Roselli Mailhe,B"]
[Result "0-1"]
[WhiteElo "2221"]
[BlackElo "2368"]
[EventDate "2008.11.13"]

1. e4 e6 2. d4 d5 3. Nc3 Bb4 4. e5 b6 5. a3 Bf8 6. Bb5+ c6 7. Ba4 a5 8.
Nce2 b5 9. Bb3 Nd7 10. c3 Ne7 11. Nf3 c5 12. O-O Nc6 13. Ng5 h6 14. Nh3 g6
15. Bc2 Nb6 16. Be3 c4 17. f4 Ne7 18. Bf2 Nf5 19. Qe1 h5 20. Kh1 Be7 21.
Neg1 Kf8 22. Nf3 Kg7 23. Nhg5 Bd7 24. g3 b4 25. Kg2 Ba4 26. Bb1 bxa3 27.
bxa3 Rb8 28. h3 Nh6 29. Be3 Na8 30. Nh4 Rb2+ 31. Rf2 Qb6 32. Nxe6+ fxe6 33.
Nxg6 Rb8 34. Nxe7 Rxb1 35. Rxb1 Qxb1 36. Qe2 Qe4+ 37. Kh2 Rb1 38. Rg2 Bd1
39. Qd2 Bf3 40. Rg1 Nc7 41. Nc8 Rxg1 42. Bxg1 Qd3 43. Be3 Qf1 44. Bg1 Ng4+
0-1

[Event "38th Olympiad"]
[Site "Dresden GER"]
[Date "2008.11.17"]
[Round "5"]
[White "Mohannad,F"]
[Black "Lopez Falcon,J"]
[Result "0-1"]
[WhiteElo "2269"]
[BlackElo "2206"]
[EventDate "2008.11.13"]

1. d4 Nf6 2. c4 g6 3. Nc3 Bg7 4. e4 d6 5. f3 O-O 6. Be3 e5 7. d5 c6 8. Nge2
cxd5 9. cxd5 Nbd7 10. g4 h5 11. h3 a6 12. Bg5 Qe8 13. Qd2 Nh7 14. gxh5 Nxg5
15. Qxg5 Kh7 16. Bg2 Bh6 17. Qh4 Rg8 18. O-O gxh5 19. Qxh5 Rg5 20. Qh4 Qe7
21. Kh1 Nf6 22. Ng3 Bd7 23. Nce2 Rag8 24. f4 exf4 25. Rxf4 Qe5 26. Raf1
R8g6 27. R1f2 Kg8 28. R4f3 Bg7 29. b3 Rh6 30. Qf4 Bxh3 31. Qxe5 Bg4+ 32.
Kg1 Rxe5 33. Rc3 Rg5 34. Nf5 Bxf5 35. Rxf5 Rg4 36. Rg3 Rxg3 37. Nxg3 Rg6
38. Kf2 Nd7 39. Ne2 Ne5 40. Nf4 Rg4 41. Nh5 Kf8 42. Bf3 Rh4 43. Nf4 Ke7 44.
Ng2 Rh1 45. Rg5 Bf6 46. Rg3 Rb1 47. Be2 Kd7 48. Rh3 Bd8 49. Nf4 Bb6+ 50.
Kg2 Rb2 51. a4 Ng6 52. Nxg6 Rxe2+ 53. Kf3 Re3+ 54. Kg4 Rxh3 55. Ne5+ dxe5
56. Kxh3 Ke7 57. Kg4 Kf6 58. b4 Bd8 59. b5 a5 60. Kh5 Kg7 0-1

[Event "38th Olympiad"]
[Site "Dresden GER"]
[Date "2008.11.17"]
[Round "5"]
[White "Rodriguez,Sa"]
[Black "Samhouri,A"]
[Result "1-0"]
[WhiteElo "2262"]
[BlackElo "2378"]
[EventDate "2008.11.13"]

1. Nf3 c5 2. g3 Nc6 3. Bg2 d5 4. d3 e5 5. O-O Nf6 6. e4 d4 7. a4 Bg4 8. h3
Bh5 9. Na3 Be7 10. Nc4 Nd7 11. Qe1 O-O 12. Nh2 b6 13. h4 f6 14. Bh3 Bf7 15.
Bd2 Rb8 16. Qe2 a6 17. Qg4 Rb7 18. Bh6 g6 19. Bxf8 Nxf8 20. Qe2 b5 21. axb5
axb5 22. Nd2 Nb4 23. Rfc1 c4 24. Ndf3 Rc7 25. Kg2 Ne6 26. Ng4 Kg7 27. Qd2
Nf8 28. Qh6+ Kg8 29. dxc4 bxc4 30. Ra4 Qd6 31. Ra8 Na6 32. Ra1 Nc5 33. h5
Nxe4 34. hxg6 hxg6 35. R1a6 Rc6 36. R6a7 d3 37. cxd3 cxd3 38. Qe3 d2 39.
Nh6+ Kg7 40. Nxf7 Kxf7 41. Qh6 Rc7 42. Nxd2 Nxd2 43. Rxf8+ 1-0

[Event "38th Olympiad"]
[Site "Dresden GER"]
[Date "2008.11.17"]
[Round "5"]
[White "Pornariyasombat,A"]
[Black "Prusikin,M"]
[Result "1/2-1/2"]
[WhiteElo "2173"]
[BlackElo "2538"]
[EventDate "2008.11.13"]

1. e4 e6 2. d4 d5 3. exd5 exd5 4. c4 Nf6 5. Nc3 Bb4 6. Bd3 O-O 7. Nge2 dxc4
8. Bxc4 Nc6 9. O-O Bf5 10. Bg5 Be7 11. f3 Nd5 12. Bxe7 Ndxe7 13. a3 Nc8 14.
Qd2 Nd6 15. Ba2 Re8 16. Ng3 Qd7 17. Rad1 Rad8 18. Nce4 Bg6 19. Nc5 Qe7 20.
Qf4 b6 21. Na6 Qd7 22. Rc1 Bd3 23. Nxc7 Bxf1 24. Nxe8 Nxe8 25. Rxf1 Qxd4+
26. Qxd4 Rxd4 27. Ne4 h6 1/2-1/2

[Event "38th Olympiad"]
[Site "Dresden GER"]
[Date "2008.11.17"]
[Round "5"]
[White "Naumann,A"]
[Black "Teerapabpaisit,W"]
[Result "1-0"]
[WhiteElo "2518"]
[BlackElo "2306"]
[EventDate "2008.11.13"]

1. d4 Nf6 2. c4 g6 3. Nf3 Bg7 4. g3 O-O 5. Bg2 d6 6. O-O c6 7. Nc3 a6 8. e4
Bg4 9. h3 Bxf3 10. Bxf3 e5 11. dxe5 dxe5 12. c5 a5 13. Be3 Na6 14. Qb3 Qe7
15. Na4 Rfd8 16. Rfd1 Bf8 17. a3 Kg7 18. Rac1 Qc7 19. Qc3 Rxd1+ 20. Rxd1
Nb8 21. Nb6 Ra6 22. Qd2 Be7 23. Bh6+ Kh8 24. Bg5 Kg7 25. Bh6+ Kh8 26. Kg2
Ng8 27. Be3 Nf6 28. Qd3 Kg7 29. Be2 Kf8 30. f3 Ke8 31. Qb3 Ra7 32. Bc4 Bf8
33. Bxf7+ Qxf7 34. Rd8+ Ke7 35. Nc8+ 1-0

[Event "38th Olympiad"]
[Site "Dresden GER"]
[Date "2008.11.17"]
[Round "5"]
[White "Pitirotjirathon,J"]
[Black "Jorczik,J"]
[Result "0-1"]
[WhiteElo "2293"]
[BlackElo "2382"]
[EventDate "2008.11.13"]

1. Nf3 Nf6 2. d4 g6 3. c4 Bg7 4. Nc3 O-O 5. e4 d6 6. Be2 e5 7. O-O Nc6 8.
d5 Ne7 9. b4 a5 10. Ba3 b6 11. bxa5 Nh5 12. Re1 f5 13. Nd2 Nf4 14. Bf1 Rxa5
15. Bb4 Ra6 16. Nb5 Qd7 17. a4 Bb7 18. g3 Nh5 19. exf5 Qxf5 20. Ne4 Nf6 21.
Nexd6 cxd6 22. Nxd6 Qd7 23. Nxb7 Qxb7 24. Rxe5 Rf7 25. Re6 Ra7 26. Rb1 Qd7
27. Qe2 Nf5 28. Rxb6 Qxa4 29. Rb8+ Bf8 30. Qe6 Nd7 31. Bxf8 Nxf8 32. d6 Qa3
33. Rd8 Qc3 34. Qe1 Qf6 35. Rbb8 Ra1 36. Qd2 Nd4 37. Qe3 Nc6 38. Rxf8+ Rxf8
39. Rxf8+ Kxf8 40. Qc5 Nd8 41. Qd5 Ra2 42. f4 Qb2 0-1

[Event "38th Olympiad"]
[Site "Dresden GER"]
[Date "2008.11.17"]
[Round "5"]
[White "Kim,Alex"]
[Black "Hernandez Guerrero,G"]
[Result "1/2-1/2"]
[WhiteElo "2481"]
[BlackElo "2549"]
[EventDate "2008.11.13"]

1. e4 c5 2. Nf3 e6 3. d4 cxd4 4. Nxd4 a6 5. Bd3 Bc5 6. Nb3 Be7 7. O-O d6 8.
c4 Nf6 9. Qe2 Nbd7 10. Nc3 b6 11. Bg5 h6 12. Be3 Bb7 13. a4 Rb8 14. a5 Nc5
15. Bc2 O-O 16. f3 Nfd7 17. axb6 Nxb3 18. Bxb3 Nxb6 19. Ba2 Qc7 20. Rac1
Rfc8 21. Nd1 Nd7 22. Nf2 a5 23. Nd3 Bf6 24. Rfd1 Ba6 25. Qd2 Be7 26. Kh1
Kf8 27. b4 axb4 28. Nxb4 Qa5 29. Nxa6 Qxa6 30. Bf4 Rb6 31. Bb1 Rbc6 32. Bd3
Nc5 33. Ra1 Qb7 34. Rab1 Qc7 35. Bf1 Nd7 36. Rb5 Ne5 37. Kg1 1/2-1/2

[Event "38th Olympiad"]
[Site "Dresden GER"]
[Date "2008.11.17"]
[Round "5"]
[White "Kim Yongtae"]
[Black "Espinosa Flores,R"]
[Result "0-1"]
[WhiteElo "1853"]
[BlackElo "2412"]
[EventDate "2008.11.13"]

1. d4 Nf6 2. c4 c5 3. d5 e6 4. Nc3 exd5 5. cxd5 d6 6. e4 g6 7. Bd3 Bg7 8.
h3 O-O 9. Nf3 Re8 10. O-O a6 11. a4 Nbd7 12. Bf4 c4 13. Bc2 Nc5 14. Re1 Qb6
15. Rb1 Nh5 16. Bh2 Nd7 17. Qe2 Qc5 18. Qe3 Qc7 19. Nd2 Rb8 20. g4 Nhf6 21.
Qg3 Bf8 22. f4 b5 23. axb5 axb5 24. b4 cxb3 25. Bxb3 Qc5+ 26. Qe3 Qxe3+ 27.
Rxe3 Nc5 28. Rbe1 Nfd7 29. e5 Bg7 30. Kg2 Nxb3 31. Nxb3 Bb7 32. Na5 b4 33.
Nxb7 Rxb7 34. Nb1 dxe5 35. fxe5 Rb5 36. e6 fxe6 37. Rxe6 Rxe6 38. dxe6 Ne5
39. Nd2 Kf8 40. Bxe5 Rxe5 41. Rxe5 Bxe5 42. Kf3 Ke7 43. Ke4 Kxe6 44. Nb3
Bc3 45. Nc1 Kf6 46. Kf3 Bd4 47. Kf4 Be5+ 48. Ke4 Bd6 49. Nb3 Bf8 50. Kf4
Ke6 51. Ke4 Bg7 52. Nc5+ Kd6 53. Nb3 Bf6 54. Kd3 Ke5 55. Nc5 Be7 56. Ne4
Kf4 57. Kd4 b3 58. Nd2 b2 59. Nb1 Kg3 60. Ke3 Kxh3 61. Kf3 Bb4 62. Kf4 Kh4
63. Kf3 g5 0-1

[Event "38th Olympiad"]
[Site "Dresden GER"]
[Date "2008.11.17"]
[Round "5"]
[White "Capo Vidal,U"]
[Black "Chung,S"]
[Result "1-0"]
[WhiteElo "2340"]
[BlackElo "1828"]
[EventDate "2008.11.13"]

1. d4 d5 2. c4 c6 3. Nf3 Nf6 4. Nc3 e6 5. Bg5 h6 6. Bxf6 Qxf6 7. Qb3 Nd7 8.
e4 dxe4 9. Nxe4 Qd8 10. Bd3 Be7 11. O-O O-O 12. Rad1 Nf6 13. Rfe1 Qc7 14.
Bb1 b6 15. Qd3 Rd8 16. d5 cxd5 17. Nxf6+ Bxf6 18. cxd5 Qd6 19. Qh7+ Kf8 20.
dxe6 Qxe6 21. Qh8+ 1-0

[Event "38th Olympiad"]
[Site "Dresden GER"]
[Date "2008.11.17"]
[Round "5"]
[White "Elliott,W"]
[Black "Adu,O"]
[Result "0-1"]
[WhiteElo "2264"]
[BlackElo "2298"]
[EventDate "2008.11.13"]

1. e4 c5 2. Nc3 e6 3. Nf3 a6 4. d4 cxd4 5. Nxd4 Qb6 6. Nb3 Nc6 7. Be3 Qc7
8. f4 d6 9. Bd3 b5 10. Qf3 Bb7 11. O-O Nf6 12. Rae1 Be7 13. Kh1 h5 14. a3
h4 15. Kg1 h3 16. g3 Rc8 17. Qe2 Nd7 18. Nd4 Nxd4 19. Bxd4 Nf6 20. Qf3 Kf8
21. Re2 Qc6 22. Bf2 Qd7 23. g4 Rxc3 24. bxc3 d5 25. e5 d4 26. Qg3 Nd5 27.
Bxd4 Bh4 28. Qf3 Nxc3 29. Bc5+ Ke8 30. Re4 Qd5 31. Bb4 Nxe4 32. Rd1 Qd4+
0-1

[Event "38th Olympiad"]
[Site "Dresden GER"]
[Date "2008.11.17"]
[Round "5"]
[White "Pitterson,J"]
[Black "Adebayo,A"]
[Result "1/2-1/2"]
[WhiteElo "2223"]
[BlackElo "2266"]
[EventDate "2008.11.13"]

1. d4 e6 2. c4 d5 3. Nf3 c6 4. g3 Nf6 5. Bg2 Nbd7 6. O-O Be7 7. Qc2 O-O 8.
Nbd2 b6 9. e4 Nxe4 10. Nxe4 dxe4 11. Qxe4 Bb7 12. Rd1 Qc7 13. Bf4 Bd6 14.
Bxd6 Qxd6 15. Ne5 Rac8 16. c5 Qe7 17. Nxd7 Qxd7 18. b4 Rfd8 19. Rac1 b5 20.
a4 bxa4 21. Qe2 a5 22. Ra1 axb4 23. Rxa4 Ra8 24. Rxb4 Ba6 25. Qe5 Ra7 26.
h4 Qc7 27. Ra1 Bb5 28. Qxc7 Rxc7 29. Bf1 Bxf1 30. Kxf1 f6 31. Ra6 Kf7 32.
Rbb6 Rxd4 33. Rxc6 Rxc6 34. Rxc6 Ke7 35. Ke2 Rd7 36. Ke3 h5 37. Rc8 e5 38.
Rh8 Rc7 39. Rxh5 Rxc5 40. Rh8 f5 41. Ra8 Rc6 42. Ra3 Kf6 43. Rb3 g5 44.
hxg5+ Kxg5 45. Kf3 1/2-1/2

[Event "38th Olympiad"]
[Site "Dresden GER"]
[Date "2008.11.17"]
[Round "5"]
[White "Bomo,K"]
[Black "Wilson,Br"]
[Result "1-0"]
[WhiteElo "1988"]
[BlackElo "2112"]
[EventDate "2008.11.13"]

1. c4 e6 2. Nf3 d5 3. g3 c6 4. b3 Nf6 5. Bg2 Nbd7 6. Bb2 Be7 7. O-O O-O 8.
Nc3 Re8 9. Rc1 Nf8 10. e3 Ng6 11. Qc2 b6 12. d3 Bb7 13. d4 Rc8 14. Rfd1 Qc7
15. Qe2 Ba6 16. e4 dxc4 17. bxc4 c5 18. d5 Rcd8 19. a4 Bf8 20. Nb5 Bxb5 21.
Bxf6 gxf6 22. axb5 exd5 23. cxd5 f5 24. Nd2 Rxd5 25. Qh5 Rd4 26. exf5 Red8
27. Ne4 Rxd1+ 28. Rxd1 Rxd1+ 29. Qxd1 Ne5 30. f4 Nd7 31. Qxd7 Qxd7 32. Nf6+
Kg7 33. Nxd7 Bd6 34. f6+ Kg8 35. Bd5 Bc7 36. Kg2 Bd8 37. g4 Bc7 38. Kf3 h6
39. g5 1-0

[Event "38th Olympiad"]
[Site "Dresden GER"]
[Date "2008.11.17"]
[Round "5"]
[White "Njobvu,I"]
[Black "Grooten,H"]
[Result "0-1"]
[WhiteElo "2247"]
[BlackElo "2376"]
[EventDate "2008.11.13"]

1. d4 Nf6 2. c4 e6 3. Nc3 Bb4 4. Qc2 O-O 5. a3 Bxc3+ 6. Qxc3 b6 7. Bg5 Bb7
8. f3 h6 9. Bh4 d5 10. cxd5 exd5 11. e3 Re8 12. Bf2 c5 13. Bb5 cxd4 14.
Qxd4 Bc6 15. Be2 Nbd7 16. b4 Nf8 17. Nh3 Ne6 18. Qd2 Qd7 19. O-O Rad8 20.
Rfc1 Bb5 21. Bxb5 Qxb5 22. a4 Qd7 23. Rd1 Re7 24. Nf4 Nxf4 25. exf4 Qe8 26.
a5 d4 27. axb6 axb6 28. Bxd4 Qb5 29. Qd3 Re1+ 30. Kf2 Qxd3 0-1

[Event "38th Olympiad"]
[Site "Dresden GER"]
[Date "2008.11.17"]
[Round "5"]
[White "Mensing,F"]
[Black "Khetho,P"]
[Result "0-1"]
[WhiteElo "2119"]
[BlackElo "2229"]
[EventDate "2008.11.13"]

1. d4 Nf6 2. Nf3 g6 3. c4 Bg7 4. Nc3 d6 5. e4 O-O 6. h3 c5 7. d5 Re8 8. Bd3
e6 9. O-O exd5 10. cxd5 b6 11. Bf4 Ba6 12. a4 h6 13. Bxa6 Nxa6 14. Nd2 Nb4
15. Bh2 a6 16. Re1 Ra7 17. Nc4 Bf8 18. Qd2 Kh7 19. Kh1 Rb7 20. Rad1 b5 21.
e5 bxc4 22. exf6 Rxe1+ 23. Rxe1 Nd3 24. Rb1 Qxf6 25. Kg1 Qd4 26. g4 Be7 27.
Qe2 Bh4 28. Nd1 Qxd5 29. Ne3 Qe6 30. Qf3 Bxf2+ 31. Kg2 Rb3 32. Nd5 Bd4 33.
g5 Rxb2+ 0-1

[Event "38th Olympiad"]
[Site "Dresden GER"]
[Date "2008.11.17"]
[Round "5"]
[White "Pitlagano,T"]
[Black "Maduro,S"]
[Result "1/2-1/2"]
[WhiteElo "2155"]
[BlackElo "2048"]
[EventDate "2008.11.13"]

1. e4 c5 2. Nf3 d6 3. d4 cxd4 4. Nxd4 Nf6 5. Nc3 Nc6 6. Be2 a6 7. Be3 Qc7
8. a4 e6 9. Qd2 Be7 10. O-O Na5 11. Qd3 Bd7 12. b4 Rc8 13. bxa5 Qxc3 14.
Qxc3 Rxc3 15. Bd2 Rc7 16. Bd3 e5 17. Nf3 O-O 18. Bb4 Bc6 19. Rfe1 Re8 20.
c4 Rec8 21. Nd2 Nd7 22. Nb3 Nc5 23. Nxc5 dxc5 24. Bc3 f6 25. Kf1 Rd8 26.
Ke2 Rcd7 27. Red1 Kf7 28. f3 g6 29. Bc2 Rxd1 30. Bxd1 Bd6 31. Bc2 Bc7 32.
g3 Ke6 33. g4 Rh8 34. Rg1 g5 35. Rg3 h5 36. gxh5 Rxh5 37. Rg2 Rh3 38. Bd2
Bd8 39. Kf2 Be7 40. Bd1 Rh8 41. Be3 Rd8 42. Bc2 Rb8 43. Rg1 Rd8 44. Rb1 Rd7
45. Ke2 Bd6 46. Ra1 Rh7 47. Rh1 Rh8 48. Kf2 Be7 49. Kg3 Rb8 50. Ra1 Rc8 51.
Bd3 Rd8 52. Bc2 Rd7 53. Rh1 Rd8 54. Rb1 Kf7 55. Kg2 Ke6 56. Rh1 Kf7 57. h4
Rh8 58. hxg5 Rxh1 59. Kxh1 fxg5 60. Kh2 Bd7 61. Kg3 Be6 62. Bb3 Ke8 63. Kf2
Kd7 64. Ke2 Kc7 65. Bd2 Kd7 66. Kd3 Kd6 67. Bd1 Bd7 68. Kc3 Bf6 69. Kb3 Bd8
70. Be1 Bf6 71. Kc3 Bd8 72. Kd3 Be6 73. Bc3 Be7 74. Bb3 Bd8 75. Ke3 Be7 76.
Kf2 Bd8 77. Kg3 Be7 78. Bd2 Bd8 79. Be3 Be7 1/2-1/2